000 00824nam a2200229 a 4500
001 000002255
005 20240412074159.0
008 090701t2008 dr r 001 p spa d
020 _a9789945162417
040 _aDO-SdBNP
_bspa
_cBNPHU
082 _aRD861.44
_bC257r
100 1 _aCaraballo Matos, Jhon Nelson,
_c1960-
_97193
245 1 0 _aReflexiones concluidas o conclusiones reflexivas /
_cJhon Nelson Caraballo Matos ; prólogo Adriano de la Cruz.
260 _aSanto Domingo :
_bBúho,
_c2008.
300 _a132 p. ;
_c22 cm.
500 _aIncluye datos biográficos del autor en la solapa de la cubierta
590 _aInventariado, 2018/BT
650 0 _aPoesía dominicana
_966
650 0 _aLiteratura dominicana.
_967
700 1 _aCruz, Adriano de la,
_epról.
_97194
910 _aValidado. Control de calidad. EMS
999 _c2101
_d2101